Library Logo

Urban Research and Urban Policy-Making : (Record no. 51109)

000 -LEADER
fixed length control field 00605nam a22001697a 4500
003 - CONTROL NUMBER IDENTIFIER
control field BD-DhUL
005 - DATE AND TIME OF LATEST TRANSACTION
control field 20160329144550.0
008 - FIXED-LENGTH DATA ELEMENTS--GENERAL INFORMATION
fixed length control field 160329s1974 xxua|||| |||| 00| 0 eng d
040 ## - CATALOGING SOURCE
Original cataloging agency BD-DhUL
Transcribing agency BD-DhUL
082 ## - DEWEY DECIMAL CLASSIFICATION NUMBER
Classification number 301.36072073
Item number HEU
100 1# - MAIN ENTRY--PERSONAL NAME
Personal name Heiss, F. William
245 ## - TITLE STATEMENT
Title Urban Research and Urban Policy-Making :
Remainder of title an Observatory Perspective /
Statement of responsibility, etc. F. William Heiss.
260 ## - PUBLICATION, DISTRIBUTION, ETC. (IMPRINT)
Place of publication, distribution, etc. Colorado :
Name of publisher, distributor, etc. Bureau of Governmental Research and Service, University of Colorado,
Date of publication, distribution, etc. c1974.
300 ## - PHYSICAL DESCRIPTION
Extent xiii, 132 p. :
Other physical details ill. ;
Dimensions 26 cm.
650 #0 - SUBJECT ADDED ENTRY--TOPICAL TERM
Topical term or geographic name as entry element Cities and towns
General subdivision Research
Geographic subdivision United States.
942 ## - ADDED ENTRY ELEMENTS (KOHA)
Source of classification or shelving scheme
Koha item type Books
Holdings
Price effective from Date last seen Permanent Location Not for loan Date acquired Source of classification or shelving scheme Koha item type Lost status Withdrawn status Source of acquisition Collection code Damaged status Shelving location Barcode Current Location Full call number
2016-03-292016-03-29Dhaka University Library 2016-03-29 Books  GiftNon Fiction General Stacks346816Dhaka University Library301.36072073 HEU
Last Updated on September 15, 2019
© Dhaka University Library. All Rights Reserved|Staff Login